<?xml version="1.0" encoding="UTF-8"?>
<record
    xmlns:xsi="http://www.w3.org/2001/XMLSchema-instance"
    xsi:schemaLocation="http://www.loc.gov/MARC21/slim http://www.loc.gov/standards/marcxml/schema/MARC21slim.xsd"
    xmlns="http://www.loc.gov/MARC21/slim">

  <leader>00596nam a22001577a 4500</leader>
  <datafield tag="999" ind1=" " ind2=" ">
    <subfield code="c">114884</subfield>
    <subfield code="d">114884</subfield>
  </datafield>
  <controlfield tag="005">20191130120553.0</controlfield>
  <controlfield tag="008">191130b           ||||| |||| 00| 0 eng d</controlfield>
  <datafield tag="020" ind1=" " ind2=" ">
    <subfield code="a">9789696520313</subfield>
  </datafield>
  <datafield tag="040" ind1=" " ind2=" ">
    <subfield code="c">PK-LaUMT</subfield>
  </datafield>
  <datafield tag="082" ind1=" " ind2=" ">
    <subfield code="a">MSC 915.491</subfield>
    <subfield code="b">KHA-Y</subfield>
  </datafield>
  <datafield tag="100" ind1=" " ind2=" ">
    <subfield code="a">Khalil Tauqar = &#x62E;&#x644;&#x6CC;&#x644; &#x637;&#x648;&#x642;&#x627;&#x631;</subfield>
  </datafield>
  <datafield tag="245" ind1=" " ind2=" ">
    <subfield code="a">Yeh he mera Pakistan! =    &#x6CC;&#x6C1; &#x6C1;&#x6D2; &#x645;&#x6CC;&#x631;&#x627; &#x67E;&#x627;&#x6A9;&#x633;&#x62A;&#x627;&#x646;:</subfield>
    <subfield code="b">&#x627;&#x6CC;&#x6A9; &#x62A;&#x631;&#x6A9; &#x633;&#x6CC;&#x627;&#x62D; &#x6A9;&#x627; &#x627;&#x631;&#x62F;&#x648; &#x645;&#x6CC;&#x6BA; &#x62A;&#x62D;&#x631;&#x6CC;&#x631; &#x6A9;&#x631;&#x62F;&#x6C1; &#x633;&#x641;&#x631; &#x646;&#x627;&#x645;&#x6C1; &#x67E;&#x627;&#x6A9;&#x633;&#x62A;&#x627;&#x646;  /</subfield>
    <subfield code="c">by  Khalil Tauqar = &#x62E;&#x644;&#x6CC;&#x644; &#x637;&#x648;&#x642;&#x627;&#x631;</subfield>
  </datafield>
  <datafield tag="260" ind1=" " ind2=" ">
    <subfield code="a">Lahore :</subfield>
    <subfield code="b">Jumhoori Publications,</subfield>
    <subfield code="c">2015</subfield>
  </datafield>
  <datafield tag="300" ind1=" " ind2=" ">
    <subfield code="a">294 p.</subfield>
  </datafield>
  <datafield tag="942" ind1=" " ind2=" ">
    <subfield code="c">BK</subfield>
  </datafield>
  <datafield tag="952" ind1=" " ind2=" ">
    <subfield code="0">0</subfield>
    <subfield code="1">0</subfield>
    <subfield code="4">0</subfield>
    <subfield code="7">0</subfield>
    <subfield code="a">01</subfield>
    <subfield code="b">01</subfield>
    <subfield code="d">2019-11-30</subfield>
    <subfield code="l">0</subfield>
    <subfield code="o">MSC 915.491 KHA-Y</subfield>
    <subfield code="p">112572</subfield>
    <subfield code="r">2019-11-30 00:00:00</subfield>
    <subfield code="w">2019-11-30</subfield>
    <subfield code="y">BK</subfield>
  </datafield>
</record>
